| 000 | 01765cam a22004934i 4500 | ||
|---|---|---|---|
| 003 | PE-LiUPU | ||
| 005 | 20250731172859.0 | ||
| 008 | 170103s2016 mnua rb 001 0 eng d | ||
| 020 | _a1506400183 | ||
| 020 | _a9781506400181 | ||
| 035 | _a(Sirsi) a165838 | ||
| 040 |
_aPE-LiUPU _bspa _cPE-LiUPU _erda |
||
| 049 | _aPRUA | ||
| 082 | 0 | 4 |
_a238.41 _bL83 _223 |
| 100 | 1 |
_aLohrmann, Martin J., _eautor. |
|
| 245 | 1 | 0 |
_aBook of harmony : _bspirit and service in the Lutheran confessions / _cMartin J. Lohrmann. |
| 264 | 1 |
_aMinneapolis : _bFortress Press, _c[2016] |
|
| 300 |
_axviii, 173 páginas : _bilustrationes ; _c23 centimetros |
||
| 336 |
_atext _2rdacontent |
||
| 337 |
_aunmediated _2rdamedia |
||
| 338 |
_avolume _2rdacarrier |
||
| 504 | _aBibliografía : páginas 159-169. | ||
| 504 | _aÍndices: páginas 171-173. | ||
| 526 | _aSEG42 | ||
| 526 | _aSEG41 | ||
| 526 | _aSEG40 | ||
| 526 | _aSEG39 | ||
| 526 | _aP94 | ||
| 526 | _aP87 | ||
| 526 | _aP86 | ||
| 526 | _aP85 | ||
| 526 | _aP77 | ||
| 526 | _aP76 | ||
| 526 | _aP35 | ||
| 650 | 0 | 4 |
_aIglesia Luterana _xCreedos _xHistoria y crítica. |
| 650 | 0 | 4 |
_aReligión /Iglesia Cristiana /Historia _2bisacsh |
| 910 |
_ajck _bjvq _cjck _d20160103. |
||
| 942 |
_2ddc _cBOOK |
||
| 949 |
_a238.41 L83 _wDEWEY _c1 _i75491 _lCATALOGING _mBUL _p00.00 _r0 _sY _tBOOK _u2016-02-03 _xTEOLOGIA _zPOSGRADO TEOLOGÍA _0COMPRA _o.CIRCNOTE. El documento es de alto precio. _o.STAFF. Colección Teología |
||
| 994 |
_aC0 _bPEPRU |
||
| 596 | _a1 | ||
| 999 |
_a238.41 L83 _wDEWEY _c14588 _i75491 _f2021-11-10 _g5 _lCCODEBUL1 _mBUL _p20.00 _r0 _sY _tBOOK _u2017-1-3 _xTEOLOGIA _PP94 _0COMPRA _o.STAFF. Colección Teología _d14588 |
||
| 980 |
_81 _gALBERTO SANCHEZ Responsable de Automatización |
||